Ten seconds /

Bibliographic Details
Main Author: Edwards, Louis, 1962-
Format: Book
Language:English
Published: Saint Paul : Graywolf Press, [1991]
Subjects:

MARC

Tag First Indicator Second Indicator Subfields
LEADER 00000cam a2200000 a 4500
001 in00001039528
005 20150928152842.0
008 901109s1991 mnu 000 1 eng
010 |a  90024659  
020 |a 1555971504 (pbk.) :  |c $8.95 
035 |a (OCoLC)22811340 
035 |9 AFH4421AM 
040 |a DLC  |c DLC  |d OCL  |d TXA  |d UtOrBLW 
049 |a TXAM 
050 0 0 |a PS3555.D945  |b T46 1991 
082 0 0 |a 813/.54  |2 20 
100 1 |a Edwards, Louis,  |d 1962- 
245 1 0 |a Ten seconds /  |c Louis Edwards. 
264 1 |a Saint Paul :  |b Graywolf Press,  |c [1991] 
264 4 |c ©1991 
300 |a 166 pages ;  |c 22 cm. 
336 |a text  |b txt  |2 rdacontent 
337 |a unmediated  |b n  |2 rdamedia 
338 |a volume  |b nc  |2 rdacarrier 
650 0 |a African Americans  |v Fiction. 
999 |a MARS 
999 f f |s cb60da20-ecd1-3980-9a74-83fb9b142804  |i bffe3712-a75a-3be6-b539-ddc7f6bb8417  |t 0 
952 f f |p ric  |a Texas A&M University  |b Rellis Campus  |c Joint Library Facility  |d Remote Storage  |t 0  |e PS3555.D945 T46 1991  |h Library of Congress classification  |i unmediated -- volume  |m A14815398203 
998 f f |a PS3555.D945 T46 1991  |t 0  |l Remote Storage